| 000 | 01094nam a2200265 i 4500 | ||
|---|---|---|---|
| 001 | bg | ||
| 100 | 1 | _aZIELINA, Michał | |
| 245 | 1 | 0 |
_aZasady projektowania i eksploatowania stacji filtrów pospiesznych wody bez regulatorów natężenia przepływów / _cMichał Zielina, Wojciech Dąbrowski ; Politechnika Krakowska im. Tadeusza Kościuszki. |
| 260 |
_aKraków : _bPK, _c2003. |
||
| 300 |
_a115 s., [4] k. tabl. : _bil. ; _c24 cm. |
||
| 490 | 1 | _aMonografia / Politechnika Krakowska im. Tadeusza Kościuszki. Inżynieria Środowiska | |
| 500 | _aISSN i nr serii gł.: 0860-097X ; 293. - Streszcz. ang., niem. | ||
| 504 | _aBibliogr. | ||
| 650 | 9 |
_aFiltracja _xbadanie |
|
| 650 | 9 |
_aWoda _xtechnologia _xurządzenia _xprojekty |
|
| 650 | 9 | _aUzdatnianie wody | |
| 700 | 1 | _aDĄBROWSKI, Wojciech | |
| 710 | 0 | _aPolitechnika Krakowska im. Tadeusza Kościuszki | |
| 830 | 0 |
_aMonografia (Politechnika Krakowska im. Tadeusza Kościuszki). _pInżynieria Środowiska |
|
| 040 | _cBPK | ||
| 041 | 0 |
_apol _bengger |
|
| 080 | _a628.1 | ||
| 942 | _cKS | ||
| 008 | s pl f |000 0 pol | ||
| 999 |
_c44394 _d44394 |
||
| 856 |
_uhttp://koha.tu.koszalin.pl/cgi-bin/koha/opac-detail.pl?biblionumber=44394 _yKatalog online BPK |
||